| 000 | 01007cam a2200301 i 4500 | ||
|---|---|---|---|
| 001 | 18628271 | ||
| 003 | OSt | ||
| 005 | 20240530110629.0 | ||
| 008 | 150522s2016 enk b 001 0 eng | ||
| 010 | _a 2015020724 | ||
| 020 | _a9781138829206 (hbk) | ||
| 020 | _a9781138829213 (pbk) | ||
| 020 | _z9781315737881 (ebk) | ||
| 040 |
_aDLC _beng _cDLC _erda _dDLC |
||
| 042 | _apcc | ||
| 082 | 0 | 4 |
_221 _a701.03 _bC E |
| 245 | 0 | 4 |
_aThe everyday practice of public art : _bart, space, and social inclusion / _cedited by Cameron Cartiere and Martin Zebracki. |
| 264 | 1 |
_aLondon ; _aNew York : _bRoutledge, Taylor & Francis Group, _c2016. |
|
| 300 |
_axv, 272 pages ; _c24 cm |
||
| 336 |
_atext _2rdacontent |
||
| 337 |
_aunmediated _2rdamedia |
||
| 338 |
_avolume _2rdacarrier |
||
| 504 | _aIncludes bibliographical references (pages 242-253) and index. | ||
| 650 | 0 |
_aPublic art _xSocial aspects. |
|
| 700 | 1 |
_aCartiere, Cameron, _eeditor. |
|
| 700 | 1 |
_aZebracki, Martin, _d1984- _eeditor. |
|
| 942 |
_2ddc _cBK |
||
| 999 |
_c63220 _d63220 |
||